| 000 | 02069nam0a2200469 i 4500 | ||
|---|---|---|---|
| 001 | RU\NLR\BIBL_A\010567756 | ||
| 005 | 20241213070800.0 | ||
| 010 |
_a978-5-7590-1121-7 _9500 |
||
| 021 |
_aRU _b2014-78282 _94789 |
||
| 035 | _a(NILC)RuMoRGB-007568585 | ||
| 035 | _a(NLR Aleph) 010567756 | ||
| 090 |
_a10411129 _c10411129 |
||
| 100 | _a20141217d2014 km y0rusy50 ca | ||
| 101 | 0 |
_arus _aeng |
|
| 102 | _aRU | ||
| 105 | _ay|||z|||000yy | ||
| 200 | 1 |
_aГде ты, колыбель человечества? _eпоиски изначальной прародины индоевропейцев и финно-угров _eмонография _fА. Т. Липатов |
|
| 205 | _a2-е изд., доп. | ||
| 210 |
_aЙошкар-Ола _cМарийское книжное изд-во _d2014 |
||
| 215 |
_a186, [2] с. _d21 |
||
| 300 | _aТекст рус., англ. | ||
| 320 | _aСписок трудов авт.: с. 118-121 | ||
| 320 | _aБиблиогр. в тексте и в конце ст. | ||
| 327 | 1 | _aВ прил: ст. авт.: Э. Марламова, В. Писарева, Ш. Горовея, И.А. Ворончук | |
| 333 | _a16+ | ||
| 606 | 1 |
_aИндоевропейцы _xЭтногенез _xОригинальные теории _92210022 _3RU\NLR\auth\661327628 |
|
| 606 | 1 |
_aФинно-угорские народы _xЭтногенез _xОригинальные теории _92134344 _3RU\NLR\auth\661591467 |
|
| 610 | 0 | _aпрародина человечества | |
| 686 | _aТ3(0)3-01 | ||
| 686 | _aТ3(29=Фн)3-01 | ||
| 700 | 1 |
_aЛипатов _bА. Т. _f1926- _gАлександр Тихонович |
|
| 801 | 0 |
_aRU _bRuMoRKP _c20121224 _gRCR |
|
| 801 | 2 |
_aRU _bРГБ _c20141016 _grcr |
|
| 801 | 1 |
_aRU _bRuMoRKP _c20121224 _2rusmarc |
|
| 852 |
_aNLR _bОНЛ _j2014-3/36286 |
||
| 852 |
_aNLR _bОНЛ _j2014-3/36286 |
||
| 852 |
_aNLR _bОНЛ _jСправ-3/720 |
||
| 852 |
_aNLR _bОНЛ _jМК-41565 |
||
| 942 | _cBOOK | ||
| 980 | _aNBR | ||